000 00454nam a2200145Ia 4500
008 100122s9999 xx 000 0 und d
082 _b28569
_a823
100 _aकेणेकर मुक्ता
245 _aअंधाराची कावड
260 _bदिलीप प्रकाशन
_c1980
300 _a145
630 _aअंधाराची कावड
730 _aअंधाराची कावड
942 _cBOOK
999 _c414182
_d414179